Un enfoque práctico para la solución de un problema de diseño de rutas de distribución de productos utilizando hojas de cálculo y Google Maps. Caso de estudio Diario La Prensa
Presenta análisis del sistema actual de ruteo y propuesta de mejora del diseño de rutas de distribución de periódico para agencias, puestos fijos del Diario La Prensa.
| Main Author: | |
|---|---|
| Other Authors: | |
| Format: | Tesis Section = Libro |
| Language: | Undetermined Spanish |
| Published: |
Managua
UNI
2012
|
| Subjects: |
| LEADER | 01002nam a2200229Ia 4500 | ||
|---|---|---|---|
| 008 | 240830s9999 xx 000 0 und d | ||
| 040 | |a BIBLIOTECA-RUPAP Mon 658.53 S218 | ||
| 041 | |a spa | ||
| 082 | |a Mon 658.53 S218 | ||
| 100 | 1 | |a Sandoval Davis, Miguel José | |
| 245 | 1 | 0 | |a Un enfoque práctico para la solución de un problema de diseño de rutas de distribución de productos utilizando hojas de cálculo y Google Maps. Caso de estudio Diario La Prensa |
| 260 | |a Managua |b UNI |c 2012 | ||
| 300 | |a 88 p. :il. | ||
| 500 | |a Contiene: anexos e Incluye: CD. | ||
| 502 | |a Tesis (Ingeniero Industrial)- UNI, 2012. | ||
| 520 | 3 | |a Presenta análisis del sistema actual de ruteo y propuesta de mejora del diseño de rutas de distribución de periódico para agencias, puestos fijos del Diario La Prensa. | |
| 650 | 7 | |a CANALES DE COMERCIALIZACIÓN - DIARIOS | |
| 650 | 7 | |b FIJACION DE RUTAS - PRENSA | |
| 700 | 1 | |a Tutor: |b Sánchez, Alonso Roger | |
| 942 | |c BK |2 ddc | ||
| 991 | |a TESIS | ||
| 999 | |c 17489 | ||